|
|
|
|
| LEADER |
00000nam a2200000 a 4500 |
| 001 |
vtls001269483 |
| 003 |
SK-MaSNL |
| 005 |
20260301234619.0 |
| 008 |
240318s1968 xr 0 cze |
| 035 |
|
|
|a SNK000220529
|
| 040 |
|
|
|a SNK
|b slo
|c SNK
|e AACR2
|
| 041 |
1 |
|
|a cze
|h rus
|
| 044 |
|
|
|a xr
|c CZ
|
| 080 |
|
|
|a 821.161.1-1=162.3
|2 2001
|
| 100 |
1 |
|
|a Belyj, Andrej,
|d 1880-1934
|4 aut
|9 123208
|
| 245 |
1 |
0 |
|a Hvězda
|b Verše 1914-1922
|c Andrej Belyj ; prel. a pozn. nap. Jaroslav Kabíček ; ilustr. Hana Štorchová
|
| 246 |
1 |
0 |
|a Zvezda a Posle razluki
|
| 260 |
|
|
|a Praha
|b Lidové nakladatelství
|c 1968
|
| 300 |
|
|
|a 139, [4] s.
|c 8°
|
| 655 |
|
7 |
|a ruská poézia
|2 SNKPH
|9 70731
|
| 700 |
1 |
|
|a Kabíček, Jaroslav
|4 trl
|4 aui
|9 291745
|
| 700 |
1 |
|
|a Štorchová, Hana
|4 ill
|9 630847
|
| 852 |
|
|
|a Štátna vedecká knižnica v Banskej Bystrici
|
| 958 |
|
|
|a OND
|
| 999 |
|
|
|c 970995
|d 972925
|
| 952 |
|
|
|t P60, <05>, [BOOK], {605}
|a SNK
|b SNK
|y PREZ
|7 0
|o snkID 47581
|i snkKIP 8923/68
|0 0
|1 0
|4 0
|d 1996-12-09
|l 0
|r 2005-01-01 00:00:00
|w 2026-02-24
|
| 952 |
|
|
|t P60, <05>, [BOOK], {605}
|a SNK
|b SNK
|y PREZ
|7 0
|p 17A0227351
|o snkID 47581 D1
|i snkKIP 8924/68
|0 0
|1 1
|4 0
|d 1996-12-09
|l 0
|r 2005-01-01 00:00:00
|w 2026-02-24
|